• 首页
  • 本馆介绍
  • 公告通知
  • 最新文献
  • 馆藏检索
  • 电子资源
  • 读者导购
  • 参考咨询
  • 我的图书馆
  • 登录
  • 详细信息显示
  • 放入我的书架
  • 预约/预借图书
  • 作者相关作品
  • 分类相关作品
  • 丛书相关作品
  • 出版社相关作品

书目信息

  • 表格格式
  • 工作单格式
  • 卡片格式
题名:
现代高等教育发展的战略管理研究
    
 
作者: 卢晓中 , 陈伟 , 张旺 著
分册:  
出版信息: 北京   北京师范大学出版社  2015
页数: 442页
开本: 23cm
丛书名: 中国教育研究丛书
单 册:
中图分类: G649.21
科图分类:
主题词: 高等教育--gao deng jiao yu--发展战略--研究--中国
电子资源:
ISBN: 978-7-303-17279-5
000 01575nam 2200313 450
001 012001001032
005 20131025173640.0
010    @a978-7-303-17279-5@dCNY78.00
099    @aCAL 012015036883
100    @a20150408d2015 em y0chiy50 ea
101 0  @achi
102    @aCN@b110000
105    @aak a 000yy
106    @ar
200 1  @a现代高等教育发展的战略管理研究@Axian dai gao deng jiao yu fa zhan de zhan lue guan li yan jiu@f卢晓中, 陈伟, 张旺著
210    @a北京@c北京师范大学出版社@d2015
215    @a442页@c图@d23cm
225 2  @a中国教育研究丛书@Azhong guo jiao yu yan jiu cong shu
300    @a教育部人文社会科学项目“现代高等教育发展理论研究” 广东省高校人文社会科学研究重大项目“现代高等教育发展的战略管理研究”成果
320    @a有书目 (第435-442页)
330    @a本书分为四大部分:第一部分阐述了社会变革视野下高等教育发展理论创新的有关认识,并探讨了战略管理的相关概念及其区别、战略管理的基本特征,为高等教育发展的战略管理确立理论基础;第二部分论述了高等教育系统变革的战略管理理论,并分析了国外高等教育系统变革的战略管理实践和中国高等教育系统发展的战略管理问题;第三部分探讨了高等院校战略管理的核心、高等院校战略管理的关键、高等院校战略管理的保障及高等院校战略管理的利益相关者;第四部分提出了中国高校的学科建设与发展的战略管理策略。
410  0 @12001@a中国教育研究丛书
606 0  @a高等教育@Agao deng jiao yu@x发展战略@x研究@y中国
690    @aG649.21@v5
701  0 @a卢晓中@Alu xiao zhong@4著
701  0 @a陈伟@Achen wei@4著
701  0 @a张旺@Azhang wang@4著
801  2 @aCN@b上海新华@c20191020
905    @b1222280-1@dG649.21@e1540@f2
    
    现代高等教育发展的战略管理研究/卢晓中, 陈伟, 张旺著.-北京:北京师范大学出版社,2015
    442页:图;23cm.-(中国教育研究丛书)
    教育部人文社会科学项目“现代高等教育发展理论研究” 广东省高校人文社会科学研究重大项目“现代高等教育发展的战略管理研究”成果
    
    ISBN 978-7-303-17279-5:CNY78.00
    本书分为四大部分:第一部分阐述了社会变革视野下高等教育发展理论创新的有关认识,并探讨了战略管理的相关概念及其区别、战略管理的基本特征,为高等教育发展的战略管理确立理论基础;第二部分论述了高等教育系统变革的战略管理理论,并分析了国外高等教育系统变革的战略管理实践和中国高等教育系统发展的战略管理问题;第三部分探讨了高等院校战略管理的核心、高等院校战略管理的关键、高等院校战略管理的保障及高等院校战略管理的利益相关者;第四部分提出了中国高校的学科建设与发展的战略管理策略。
●
相关链接 在E读中查询图书 在五车中查询图书 在当当中查询图书 在豆瓣中查询图书


正题名:现代高等教育发展的战略管理研究     索取号:G649.21/1540         预约/预借

序号 登录号 条形码 馆藏地/架位号 状态 备注
1 1222280   212222806   第一样本阅览室/ [索取号:G649.21/1540] 在馆    
2 1222281   212222815   第四借阅区/ [索取号:G649.21/1540] 在馆    
唐山师范学院图书馆 欢迎您!
大连网信软件有限公司© 版权所有